|
|
|
|
| LEADER |
02053nam a22001817a 4500 |
| 008 |
170214b xxu||||| |||| 00| 0 eng d |
| 999 |
|
|
|c 343936
|d 343936
|
| 020 |
|
|
|a 9789382808916
|
| 041 |
|
|
|a Malayalam
|
| 082 |
|
|
|a Q
|
| 100 |
|
|
|a Govinda Pillai,P
|
| 245 |
|
|
|a Kerala navodhanam :nalam sanchika :madhyamaparvam
|b = കേരളനവോത്ഥാനം : നാലാംസഞ്ചിക : മാധ്യമപർവം /
|c P Govindapillai
|
| 250 |
|
|
|a 3
|
| 260 |
|
|
|a Thiruvananthapuram
|b Chintha Publishers
|c c2013.
|
| 300 |
|
|
|a 208p.;
|
| 500 |
|
|
|a നവോത്ഥാന കാലഘട്ടത്തിലെ പത്രപ്രവര്ത്തനത്തിന്റെ വികാസഗതിയും, കമ്യൂണിസ്റ്റ്പത്രപ്രവര്ത്തനം മലയാളിയുടെ സംസ്കാരത്തിലും സംവേദനത്തിലും വരുത്തിയ മാറ്റങ്ങളും, മലയാളമനോരമയും സ്വദേശാഭിമാനിയും ഇടതുപക്ഷവും മാധ്യമവികാസ ചരിത്രത്തില് നേടിയ സ്ഥാനവും തുടങ്ങി കേരളത്തിലെ പത്രപ്രവര്ത്തനത്തിന്റെ നാള്വഴികളെ അടയാളപ്പെടുത്തുന്ന പുസ്തകം. ഒരു യുഗത്തിന്റെ സ്വാതന്ത്ര്യ വാഞ്ഛയ്ക്ക് കരുത്തു പകര്ന്ന മാധ്യമങ്ങളുടെ ഇരുപത്തി ഒന്നാം നൂറ്റാണ്ടിലെ അവസ്ഥാന്തരങ്ങളിലേക്കുകൂടി ഈ ഗ്രന്ഥം വിരല് ചൂണ്ടുന്നു.
|
| 942 |
|
|
|c BK
|
| 952 |
|
|
|0 0
|1 0
|2 ddc
|4 0
|6 079_548300000000000_GOV_K
|7 0
|9 395259
|a WMS
|b WMS
|c ST1
|d 2019-10-01
|i 1264
|l 0
|o 079.5483 GOV/K
|p WMS1264
|r 2019-10-01
|y BK
|k 160.00
|